000 00545nam a2200181Ia 4500
008 151202s9999||||xx |||||||||||||| ||und||
082 _bPNVM-41980
100 _aठाकरे बाळ.
245 _aकवच कुंडले.
260 _b"मनोरमा प्रकाशन, मुंबई."
260 _c1998
300 _a240
600 _aठाकरे बाळ.
630 _aकवच कुंडले.
700 _aठाकरे बाळ.
730 _aकवच कुंडले.
942 _cBOOK
999 _c1307932
_d1307929